[Event "GER-ch blitz"]
[Site "Magdeburg"]
[Date "2022.08.21"]
[Round "7"]
[White "Krause, Benedict"]
[Black "Riemland, Arnold"]
[Result "1-0"]
[WhiteElo "2478"]
[BlackElo "2030"]
[PlyCount "55"]
[EventDate "2022.08.21"]
[EventType "tourn (blitz)"]
[EventRounds "29"]
[EventCountry "GER"]
[EventCategory "5"]
[SourceTitle "CBM 210 Extra"]
[Source "ChessBase"]
[SourceDate "2022.11.30"]
[SourceVersion "1"]
[SourceVersionDate "2022.11.30"]
[SourceQuality "1"]

1. e4 c5 2. Nf3 d6 3. d4 cxd4 4. Nxd4 g6 5. c4 Bg7 6. Nc3 Nc6 7. Nc2 Nf6 8. Be2 0-0 9. 0-0 Nd7 10. Bd2 b6 11. Rc1 Bb7 12. b3 Nc5 13. f3 Ne6 14. Nd5 Ncd4 15. Nxd4 Nxd4 16. Be3 Nxe2+ 17. Qxe2 Bxd5 18. cxd5 Qd7 19. Rc6 f5 20. Qc4 fxe4 21. Qxe4 Rf5 22. f4 Raf8 23. Rfc1 g5 24. Rc7 Qd8 25. Qe6+ Kh8 26. Rc8 Qxc8 27. Rxc8 gxf4 28. Qxf5 1-0

[Event "GER-ch blitz"]
[Site "Magdeburg"]
[Date "2022.08.21"]
[Round "18"]
[White "Riemland, Arnold"]
[Black "Braun, Georg"]
[Result "0-1"]
[WhiteElo "2030"]
[BlackElo "2386"]
[PlyCount "136"]
[EventDate "2022.08.21"]
[EventType "tourn (blitz)"]
[EventRounds "29"]
[EventCountry "GER"]
[EventCategory "5"]
[SourceTitle "CBM 210 Extra"]
[Source "ChessBase"]
[SourceDate "2022.11.30"]
[SourceVersion "1"]
[SourceVersionDate "2022.11.30"]
[SourceQuality "1"]

1. d4 Nf6 2. Nf3 g6 3. Bf4 Bg7 4. e3 d6 5. Nbd2 0-0 6. c3 Nfd7 7. Bg5 Qe8 8. Bc4 e5 9. dxe5 dxe5 10. 0-0 h6 11. Bh4 Kh7 12. e4 Nc5 13. b4 Ne6 14. Bxe6 Bxe6 15. Qe2 Qc6 16. Rac1 a5 17. b5 Qc5 18. c4 Nd7 19. Nb3 Qb4 20. Rfd1 Rfe8 21. Qd2 Nb6 22. Qc2 Nxc4 23. Nbd2 Nxd2 24. Nxd2 Qxb5 25. Rb1 Qe2 26. Rxb7 g5 27. Bg3 Rad8 28. Rb2 Rd4 29. Rf1 Red8 30. Nf3 Qxc2 31. Rxc2 Rxe4 32. Rxc7 Bxa2 33. Rc5 Rd5 34. Rxd5 Bxd5 35. h3 a4 36. Ra1 Bc6 37. Nd2 Rd4 38. Ra2 f5 39. f3 e4 40. Bf2 Rd3 41. fxe4 fxe4 42. Nc4 Rc3 43. Na5 e3 44. Nxc6 exf2+ 45. Kxf2 Rxc6 46. Rxa4 Rf6+ 47. Kg3 Kg6 48. Kh2 Re6 49. Kg3 Be5+ 50. Kf3 Rf6+ 51. Ke3 Bg3 52. Ra8 Rf2 53. Ra6+ Kh5 54. Ra4 Rxg2 55. Kf3 Rg1 56. Rg4 Bh2 57. Ra4 Rg3+ 58. Kf2 Rxh3 59. Kg2 Rh4 60. Ra3 Bf4 61. Ra6 Kg4 62. Ra3 Rh2+ 63. Kg1 h5 64. Rb3 h4 65. Rc3 h3 66. Rb3 Ra2 67. Rd3 h2+ 68. Kh1 Ra1+ 0-1

[Event "GER-ch blitz"]
[Site "Magdeburg"]
[Date "2022.08.21"]
[Round "4"]
[White "Riemland, Arnold"]
[Black "Frischmann, Rick"]
[Result "0-1"]
[WhiteElo "2030"]
[BlackElo "2369"]
[PlyCount "38"]
[EventDate "2022.08.21"]
[EventType "tourn (blitz)"]
[EventRounds "29"]
[EventCountry "GER"]
[EventCategory "5"]
[SourceTitle "CBM 210 Extra"]
[Source "ChessBase"]
[SourceDate "2022.11.30"]
[SourceVersion "1"]
[SourceVersionDate "2022.11.30"]
[SourceQuality "1"]

1. d4 d5 2. Nf3 Nc6 3. Bg5 f6 4. Bh4 Nh6 5. e3 Nf5 6. Bd3 Qd6 7. c3 e5 8. Bxf5 Bxf5 9. Bg3 Qe6 10. Nh4 Bg4 11. f3 Bh5 12. dxe5 g5 13. exf6 gxh4 14. Bf2 0-0-0 15. Nd2 Qxf6 16. Nb3 h3 17. Rg1 hxg2 18. Nd4 Nxd4 19. exd4 Bxf3 0-1

[Event "GER-ch blitz"]
[Site "Magdeburg"]
[Date "2022.08.21"]
[Round "24"]
[White "Riemland, Arnold"]
[Black "Heidenfeld, Mark"]
[Result "0-1"]
[WhiteElo "2030"]
[BlackElo "2373"]
[PlyCount "68"]
[EventDate "2022.08.21"]
[EventType "tourn (blitz)"]
[EventRounds "29"]
[EventCountry "GER"]
[EventCategory "5"]
[SourceTitle "CBM 210 Extra"]
[Source "ChessBase"]
[SourceDate "2022.11.30"]
[SourceVersion "1"]
[SourceVersionDate "2022.11.30"]
[SourceQuality "1"]

1. d4 d6 2. e4 e5 3. dxe5 dxe5 4. Qxd8+ Kxd8 5. Nf3 f6 6. Bc4 c6 7. Be3 Nd7 8. Nbd2 Bc5 9. Ke2 Ke7 10. Nb3 Bxe3 11. Kxe3 Nh6 12. h3 Nf7 13. Bxf7 Kxf7 14. Rad1 Ke7 15. Nh4 g6 16. g3 Nf8 17. Rd2 Ne6 18. f4 exf4+ 19. gxf4 Nxf4 20. Kxf4 g5+ 21. Kg3 gxh4+ 22. Kxh4 Rg8 23. Nd4 Rg5 24. Nf3 Rg6 25. Nd4 Be6 26. Nf5+ Kf7 27. Nd6+ Kg7 28. Rhh2 b6 29. Nf5+ Kh8 30. Rd6 Re8 31. Nd4 Reg8 32. Kh5 Bf7 33. Nf5 Rg5+ 34. Kh4 Rh5# 0-1

[Event "GER-ch blitz"]
[Site "Magdeburg"]
[Date "2022.08.21"]
[Round "23"]
[White "Wichmann, Cliff"]
[Black "Riemland, Arnold"]
[Result "0-1"]
[WhiteElo "2280"]
[BlackElo "2030"]
[PlyCount "204"]
[EventDate "2022.08.21"]
[EventType "tourn (blitz)"]
[EventRounds "29"]
[EventCountry "GER"]
[EventCategory "5"]
[SourceTitle "CBM 210 Extra"]
[Source "ChessBase"]
[SourceDate "2022.11.30"]
[SourceVersion "1"]
[SourceVersionDate "2022.11.30"]
[SourceQuality "1"]

1. d4 d5 2. c4 c6 3. Nc3 Nf6 4. Nf3 e6 5. e3 Bd6 6. Be2 0-0 7. 0-0 b6 8. b3 Bb7 9. Bb2 Nbd7 10. Rc1 c5 11. cxd5 Nxd5 12. Nb5 Be7 13. dxc5 Nxc5 14. Ne5 Bf6 15. Nc4 Bxb2 16. Nxb2 Nb4 17. Nd6 Bd5 18. Ndc4 Nxa2 19. Rc2 Be4 20. Rd2 Qe7 21. Rd4 Nc3 22. Qd2 Nxe2+ 23. Qxe2 Rfd8 24. b4 Na6 25. Rxe4 Nxb4 26. Ne5 a5 27. Nf3 Nd5 28. Rc4 b5 29. Rcc1 b4 30. Nd4 Qb7 31. Na4 Qd7 32. Nc5 Qe8 33. h3 a4 34. Qc4 b3 35. e4 Nf4 36. g3 Nxh3+ 37. Kg2 Ng5 38. Nb7 Rdb8 39. Nd6 Qe7 40. e5 b2 41. Rb1 a3 42. Nc6 Qc7 43. Nxb8 Qxc4 44. Nxc4 a2 45. Rxb2 a1Q 46. Rxa1 Rxa1 47. Nc6 h6 48. Nd4 Ra4 49. Rc2 Ne4 50. Nf3 Kh7 51. Nd6 f5 52. exf6 Nxf6 53. Re2 Nd5 54. Rxe6 Ra2 55. Re5 Nc3 56. Nf5 Kg6 57. N3h4+ Kf6 58. Rc5 Ne4 59. Rc6+ Kf7 60. Nd6+ Nxd6 61. Rxd6 Ra5 62. Rd3 g5 63. Rf3+ Kg7 64. Nf5+ Kg6 65. g4 h5 66. Ne7+ Kh6 67. Rf6+ Kg7 68. Rg6+ Kf7 69. gxh5 Kxe7 70. h6 Ra8 71. Rxg5 Kf6 72. Rh5 Kg6 73. Rh3 Kh7 74. Kg3 Ra3+ 75. f3 Ra4 76. Rh1 Rb4 77. f4 Rb6 78. Kg4 Rb5 79. f5 Rb6 80. Kg5 Ra6 81. Rb1 Ra7 82. Rb6 Rf7 83. Re6 Ra7 84. Rd6 Rb7 85. Kf6 Kxh6 86. Re6 Ra7 87. Re7 Ra6+ 88. Re6 Ra7 89. Rd6 Kh7 90. Ke6 Ra2 91. Rd7+ Kg8 92. Ke7 Ra3 93. Rd8+ Kg7 94. f6+ Kg6 95. Rd6 Ra7+ 96. Ke6 Rf7 97. Ke5 Kg5 98. Rd1 Rf8 99. Rg1+ Kh6 100. Ke6 Kh7 101. Ke7 Ra8 102. Rg7+ Kh8 0-1

[Event "Krefeld op"]
[Site "Krefeld"]
[Date "2022.08.07"]
[Round "7"]
[White "Riemland, Arnold"]
[Black "Huckebrink, Chris"]
[Result "0-1"]
[WhiteElo "2030"]
[BlackElo "2055"]
[PlyCount "76"]
[EventDate "2022.08.04"]
[EventType "swiss"]
[EventRounds "9"]
[EventCountry "GER"]
[SourceTitle "CBM 209 Extra"]
[Source "ChessBase"]
[SourceDate "2022.09.30"]
[SourceVersion "1"]
[SourceVersionDate "2022.09.30"]
[SourceQuality "1"]

1. e4 e5 2. Nf3 Nf6 3. Nc3 Nc6 4. Bc4 Bc5 5. 0-0 d6 6. h3 a6 7. a3 h6 8. d3 g5 9. Nh2 g4 10. hxg4 Rg8 11. g5 hxg5 12. Be3 g4 13. Bxc5 dxc5 14. g3 Qd6 15. f3 Be6 16. Nd5 Bxd5 17. Bxd5 Nxd5 18. exd5 Qxd5 19. fxg4 0-0-0 20. Rf2 e4 21. Qc1 exd3 22. cxd3 Qxd3 23. Qxc5 Qxg3+ 24. Rg2 Qb3 25. Rf1 Rd1 26. Qc2 Qe3+ 27. Qf2 Rxf1+ 28. Nxf1 Qe6 29. Ne3 Kb8 30. g5 Qe5 31. Nc4 Qd5 32. Ne3 Qc5 33. Nf5 Qe5 34. Nh6 Rd8 35. Rg3 Qe4 36. Rf3 Ne5 37. Re3 Rd1+ 38. Kh2 Rh1+ 0-1

[Event "Mittelrhein Regionalliga 1920"]
[Site "Mittelrhein"]
[Date "2020.02.16"]
[Round "6.2"]
[White "Riemland, Arnold"]
[Black "Lamby, Philipp"]
[Result "1-0"]
[WhiteElo "2141"]
[BlackElo "2153"]
[PlyCount "98"]
[EventDate "2019.09.29"]
[EventType "team-tourn"]
[EventRounds "9"]
[EventCountry "GER"]
[SourceTitle "EXT 2023"]
[Source "ChessBase"]
[SourceDate "2022.10.05"]
[SourceVersion "1"]
[SourceVersionDate "2022.10.05"]
[SourceQuality "1"]
[WhiteTeam "Kalker/Deutzer SG"]
[BlackTeam "Aachen SV II"]
[WhiteTeamCountry "GER"]
[BlackTeamCountry "GER"]

1. d4 Nf6 2. Nf3 e6 3. Bf4 d5 4. e3 c5 5. c4 cxd4 6. Nxd4 Bb4+ 7. Nc3 0-0 8. Bd3 Nbd7 9. Nf3 Qa5 10. 0-0 dxc4 11. Bxc4 e5 12. Bg3 Bxc3 13. bxc3 Ne4 14. Qc2 Nxg3 15. hxg3 Nb6 16. Ng5 e4 17. Bxf7+ Rxf7 18. Nxf7 Kxf7 19. Qxe4 Qf5 20. Qb4 Bd7 21. Rad1 Bc6 22. Rd4 Kg8 23. Rfd1 h6 24. c4 Rf8 25. f3 Nd7 26. Rf4 Qc5 27. Qxc5 Nxc5 28. Rxf8+ Kxf8 29. Kf2 Be8 30. e4 Bf7 31. Ke3 Bxc4 32. Kd4 Na4 33. Rd2 b5 34. f4 Ke7 35. g4 Nb6 36. e5 a5 37. Kc5 Nd7+ 38. Kc6 Nf8 39. f5 a4 40. a3 Bf1 41. Kc7 Bc4 42. Rd4 Bf1 43. g3 Be2 44. e6 Bc4 45. Rd7+ Ke8 46. Rd8+ Ke7 47. Rb8 Nxe6+ 48. fxe6 Kxe6 49. Kc6 Be2 1-0

[Event "Mittelrhein Verbandsliga-N 18/19"]
[Site "Nordrheinwestfalen"]
[Date "2019.05.19"]
[Round "11.8"]
[White "Schurr, Bernhard"]
[Black "Riemland, Arnold"]
[Result "0-1"]
[WhiteElo "1738"]
[BlackElo "2173"]
[PlyCount "80"]
[EventDate "2018.09.02"]
[EventType "team-tourn"]
[EventRounds "12"]
[EventCountry "GER"]
[SourceTitle "EXT 2022"]
[Source "ChessBase"]
[SourceDate "2021.10.06"]
[SourceVersion "1"]
[SourceVersionDate "2021.10.06"]
[SourceQuality "1"]
[WhiteTeam "Rheinpark BSG"]
[BlackTeam "Kalker/Deutzer SG"]
[WhiteTeamCountry "GER"]
[BlackTeamCountry "GER"]

1. e4 c5 2. d3 Nc6 3. Be3 d6 4. c3 e5 5. Nd2 g6 6. Be2 Bg7 7. Ngf3 Nge7 8. h4 f5 9. Nf1 f4 10. Bd2 Qb6 11. g3 Qxb2 12. Rb1 Qxa2 13. gxf4 exf4 14. h5 Ne5 15. h6 Bf6 16. d4 Nxf3+ 17. Bxf3 cxd4 18. Bxf4 dxc3 19. Ne3 Qd2+ 20. Kf1 Be5 21. Bg5 b6 22. Kg2 Qxd1 23. Rhxd1 Be6 24. Be2 Rf8 25. Bb5+ Bd7 26. Bc4 Bc6 27. f3 Kd7 28. Ng4 Bf4 29. Bxf4 Rxf4 30. Kg3 Raf8 31. Rd3 b5 32. Ne5+ Kc7 33. Nxc6 bxc4 34. Nxe7 cxd3 35. Nd5+ Kc6 36. Nxf4 Rxf4 37. Kxf4 d2 38. Rg1 c2 39. Rxg6 c1Q 40. Rg8 d1Q+ 0-1